| 000 | 00409nam a2200145Ia 4500 | ||
|---|---|---|---|
| 008 | 230917s9999||||xx |||||||||||||| ||und|| | ||
| 040 |
_e164360 _aMAIN |
||
| 041 | _aEnglish | ||
| 082 | _a891.432741 VV459R | ||
| 100 | _aवेदप्रकाश | ||
| 245 | 0 | _aरात का अकेला सफर | |
| 260 |
_aदिल्ली _bअलंकार _c1981 |
||
| 300 | _a83पृ. p. | ||
| 942 | _cHN | ||
| 999 |
_c230802 _d230802 |
||